000 00352nam a2200145Ia 4500
100 _aCromwell/leslie
650 _aBiomedical
942 _cBK
366 _f15
654 _abiomedical
245 _aBiomedical Instrumentation and Measurement
260 _bPrentice -Hall of India
_aNew Delhi
_c1980
082 _a610.28/CRO
_bCRO
546 _aENGLISH
999 _c19320
_d19320